Surveyors and lawyers involved in tenancy renewals under PACT (Record no. 85161)

MARC details
000 -LEADER
fixed length control field 02230cad a22002775a 4500
001 - CONTROL NUMBER
control field L160048
008 - FIXED-LENGTH DATA ELEMENTS--GENERAL INFORMATION
fixed length control field 180504e2018 xxk 000 0 eng d
020 ## - INTERNATIONAL STANDARD BOOK NUMBER
ISBN 9781783212200
035 ## - SYSTEM CONTROL NUMBER
System control number (Sirsi) u160048
041 0# - LANGUAGE CODE
Language code of text/sound track or separate title eng
050 ## - Library of Congress Classification
Class mark 347.41067 $2 18
110 2# - MAIN ENTRY--CORPORATE NAME
Corporate author Royal Institution of Chartered Surveyors
245 00 - TITLE STATEMENT
Title Surveyors and lawyers involved in tenancy renewals under PACT
Medium [electronic resource]
250 ## - EDITION
Edition statement 2nd.
260 ## - PUBLICATION INFORMATION
Place of publication London
Publisher RICS
Date 2018
490 ## - SERIES TITLE
Series statement RICS Guidance Note
505 ## - CONTENTS
Contents Introduction -- The advantages of PACT -- When PACT can be used -- What matters in dispute are suitable for a PACT referral? -- How to use PACT Pre-issue -- How to use PACT Post-issue -- The appointment of the Third Party -- Valuation Date and miscellaneous procedural issues -- The Award or Determination -- Costs -- Producing the tenancy document -- Revocation orders -- Appeals -- Interim rent -- Summary: key steps in the process -- Appendices
520 ## - ABSTRACT
Abstract The Landlord and Tenant Act 1954 provides for the terms of a renewal lease to be determined by the courts. PACT is a procedure whereby the determination of all or some of the terms for a renewal lease are (with the consent of both parties) 'delegated' to an independent third party, who may act either as an arbitrator or as an independent expert. PACT is the acronym for 'Professional Arbitration on Court Terms', a generic term intended to convey the scope and nature of the procedure available. This 2nd edition refers to a business tenancy rather than a lease, although the terms are interchangeable. Effective from 1 August 2018.
520 ## - ABSTRACT
Abstract Supersedes 1st edition ISBN 9781842194157.
651 #4 - SUBJECT ADDED ENTRY--GEOGRAPHIC NAME
Geographic name ENGLAND AND WALES
690 ## - BROAD SUBJECT
Broad subject MANAGEMENT-DISPUTE AVOIDANCE, MANAGEMENT AND RESOLUTION-DISPUTE MANAGEMENT AND RESOLUTION
710 ## - ADDED CORPORATE NAME
Added corporate author Law Society of England and Wales
856 40 - ONLINE RESOURCE
Uniform Resource Identifier <a href="https://www.rics.org/content/dam/ricsglobal/documents/dispute-resolution-service/May_2018_Surveyors_And_Lawyers_Involved_In_Tenancy_Renewals_Under_PACT.pdf">https://www.rics.org/content/dam/ricsglobal/documents/dispute-resolution-service/May_2018_Surveyors_And_Lawyers_Involved_In_Tenancy_Renewals_Under_PACT.pdf</a>
Public note Available free on RICS.org
856 40 - ONLINE RESOURCE
Uniform Resource Identifier <a href="https://www.rics.org/dispute-resolution-service/drs-services/pact-lease-renewal-disputes">https://www.rics.org/dispute-resolution-service/drs-services/pact-lease-renewal-disputes</a>
Public note See overview page and notes on RICS.org
942 ## - ADDED ENTRY ELEMENTS (KOHA)
Suppress in OPAC Do not suppress in OPAC
Holdings
Lost status Source of classification or shelving scheme Damaged status Not for loan Home library Current library Shelving location Date acquired Total Checkouts Full call number Barcode Date last seen Copy number Price effective from Koha item type
  Dewey Decimal Classification     Virtual Virtual Online 04/05/2018   ONLINE PUBLICATION 160048-2001 06/08/2019 1 06/08/2019 Book